Hlohovec - Šulekovo revitalizácia nábrežia
Guardado en:
| Autor principal: | |
|---|---|
| Otros Autores: | |
| Formato: | Manuscrito Libro |
| Lenguaje: | eslovaco |
| Publicado: |
Bratislava
2016
|
| Materias: | |
| Acceso en línea: | http://is.stuba.sk/zp/portal_zp.pl?podrobnosti=121757 |
| Etiquetas: |
Sin Etiquetas, Sea el primero en etiquetar este registro!
|
MARC
| LEADER | 00000ntm a22000003a 4500 | ||
|---|---|---|---|
| 001 | stuzp56958 | ||
| 003 | SK-STU | ||
| 005 | 20210224103346.7 | ||
| 007 | ta | ||
| 008 | 150427s2015----xo-----f-mn---000-0-slo-d | ||
| 040 | |a STU |b slo | ||
| 041 | 0 | |a slo | |
| 100 | 1 | |a Hrnčárová, Natália |u 056160 |4 aut |U FAD Fakulta architektúry |T FA Ústav urbanizmu a územného plánovania |X 68175 |U A6160 |Y 397 |7 A000068175 | |
| 242 | 0 | 1 | |a Hlohovec – Šulekovo waterfront revitalization |y eng |
| 245 | 1 | 0 | |a Hlohovec - Šulekovo revitalizácia nábrežia |
| 260 | |c 2016 |a Bratislava | ||
| 650 | 4 | |a Mestské nábrežie,, revitalizácia nábrežia |2 slo | |
| 650 | 4 | |a Šulekovo |2 slo | |
| 650 | 4 | |a Hlohovec, |2 slo | |
| 650 | 4 | |a waterfront revitalization |2 eng | |
| 650 | 4 | |a Urban waterfront |2 eng | |
| 650 | 4 | |a hlohovec |2 eng | |
| 650 | 4 | |a sulekovo |2 eng | |
| 700 | 1 | |a Sopirová, Alžbeta |u 056160 |k Z1 |4 ths |U FAD Fakulta architektúry |T FA Ústav urbanizmu a územného plánovania |X 4201 |U A6160 |Y 397 |7 A000004201 | |
| 856 | 4 | |u http://is.stuba.sk/zp/portal_zp.pl?podrobnosti=121757 |u https://opac.crzp.sk/?fn=detailBiblioForm&sid=FFEED6484134604A3C70A5B88729 | |
| SQL | |a stuzp56958 |b DDP |c SLO |d Hlohovec - Šulekovo revitalizácia nábrežia |e 68175 |f Hrnčárová, Natália |g 056160 |h 4201 |i Sopirová, Alžbeta |j 20160602 |k 159 |l 05 |m http://is.stuba.sk/zp/portal_zp.pl?podrobnosti=121757 |n I-URB |o 5.1.1. architektúra a urbanizmus | ||